000 00974cad a22002415a 4500
001 E152235
008 110215s2010 xxk f 100 0 eng d
020 _a9781842196199
035 _a(Sirsi) u152235
041 0 _aeng
100 1 _aDefoe, Peter S.
111 2 _aConstruction and Building Research Conference
_cDauphine Universite, Paris
_d2-3 September 2010
245 0 4 _aThe validity of daylight calculations in rights to light cases
_h[electronic resource]
260 _aLondon
_bRICS
_c2010
520 _aA paper presented at the COBRA Conference in Paris on 2-3 September 2010.
590 _aKA
650 2 4 _aCONSTRUCTION AND BUILDING RESEARCH CONFERENCE (COBRA)
651 4 _aUnited Kingdom
_y
690 _aPROPERTY-PROPERTY MANAGEMENT-EASEMENTS-RIGHTS TO LIGHT DETERMINATION-RIGHTS TO LIGHT
700 1 _aFrame, Ian
856 4 0 _uhttps://www.rics.org/site/scripts/download_info.aspx?fileID=7958&categoryID=720
_zBroken link - not available
942 _n0
999 _c111936
_d111936